Combien de ville de Haute Saône (70) connais-tu ? - Statistiques

Statistiques générales
  • Ce quiz a été pris 12 fois
  • Le résultat moyen est 26 sur 539
Statistiques - réponses
Code Postal Ville % Correct
70200 Lure
82%
70104 Gray
73%
70300 Luxeuil-les-Bains
73%
70007 Vesoul
73%
70400 Héricourt
64%
70250 Ronchamp
45%
70290 Champagney
36%
70110 Les Magny
36%
70000 Noidans-lès-Vesoul
36%
70800 Saint-Loup-sur-Semouse
36%
70600 Champlitte
27%
70310 Faucogney-et-la-Mer
27%
70300 Froideconche
27%
70100 Gray-la-Ville
27%
70320 La Vaivre
27%
70270 Mélisey
27%
70170 Port-sur-Saône
27%
70000 Pusey
27%
70190 Rioz
27%
70110 Villersexel
27%
70100 Arc-lès-Gray
18%
70700 Charcenne
18%
70100 Chargey-lès-Gray
18%
70300 Citers
18%
70300 Esboz-Brest
18%
70220 Fougerolles-Saint-Valbert
18%
70600 Framont
18%
70700 Gy
18%
70500 Jussey
18%
70200 Magny-Vernois
18%
70000 Montigny-lès-Vesoul
18%
70140 Pesmes
18%
70280 Raddon-et-Chapendu
18%
70200 Roye
18%
70280 Saint-Bresson
18%
70300 Saint-Sauveur
18%
70240 Saulx
18%
70200 Vouhenans
18%
70300 Ailloncourt
9%
70280 Amage
9%
70100 Ancier
9%
70000 Andelarrot
9%
70700 Angirey
9%
70100 Arsans
9%
70180 Autet
9%
70700 Autoreille
9%
70100 Autrey-lès-Gray
9%
70100 Auvet-et-la-Chapelotte
9%
70150 Avrigney-Virey
9%
70000 Baignes
9%
70140 Bard-lès-Pesmes
9%
70100 Battrans
9%
70150 Bay
9%
70100 Beaujeu-Saint-Vallier-Pierrejux-et-Quitteur
9%
70150 Beaumotte-lès-Pin
9%
70230 Besnans
9%
70110 Beveuge
9%
70150 Bonboillon
9%
70190 Boulot
9%
70190 Boult
9%
70000 Boursières
9%
70140 Bresilley
9%
70300 Breuches
9%
70280 Breuchotte
9%
70400 Brevilliers
9%
70800 Briaucourt
9%
70140 Broye-Aubigney-Montseugny
9%
70150 Brussey
9%
70700 Bucey-lès-Gy
9%
70190 Buthiers
9%
70150 Chambornay-lès-Pin
9%
70140 Chancey
9%
70360 Chantes
9%
70000 Chariez
9%
70000 Charmoille
9%
70230 Chassey-lès-Montbozon
9%
70360 Chassey-lès-Scey
9%
70140 Chaumercenne
9%
70150 Chenevrey-et-Morogne
9%
70140 Chevigney
9%
70700 Choye
9%
70700 Citey
9%
70200 Clairegoutte
9%
70000 Colombe-lès-Vesoul
9%
70120 Combeaufontaine
9%
70120 Confracourt
9%
70320 Corbenay
9%
70110 Courchaton
9%
70150 Courcuire
9%
70600 Courtesoult-et-Gatey
9%
70100 Cresancey
9%
70700 Cugney
9%
70150 Cult
9%
70180 Dampierre-sur-Salon
9%
70180 Delain
9%
70180 Denèvre
9%
70000 Échenoz-la-Méline
9%
70600 Écuelle
9%
70110 Esprels
9%
70700 Étrelles-et-la-Montbleuse
9%
70150 Étuz
9%
70100 Fahy-lès-Autrey
9%
70160 Faverney
9%
70120 Fédry
9%
70800 Fontaine-lès-Luxeuil
9%
70600 Fouvent-Saint-Andoche
9%
70180 Francourt
9%
70700 Frasne-le-Château
9%
70200 Frotey-lès-Lure
9%
70000 Frotey-lès-Vesoul
9%
70110 Gouhenans
9%
70120 Grandecourt
9%
70150 Hugier
9%
70700 Igny
9%
70800 Jasney
9%
70300 La Chapelle-lès-Luxeuil
9%
70700 La Chapelle-Saint-Quillain
9%
70200 La Côte
9%
70140 La Grande-Résie
9%
70310 La Montagne
9%
70360 La Neuvelle-lès-Scey
9%
70200 Lantenot
9%
70140 La Résie-Saint-Martin
9%
70600 Larret
9%
70120 Lavoncourt
9%
70200 Les Aynans
9%
70310 Les Fessey
9%
70140 Lieucourt
9%
70200 Linexert
9%
70110 Longevelle
9%
70400 Luze
9%
70200 Lyoffans
9%
70000 Mailley-et-Chazelot
9%
70140 Malans
9%
70200 Malbouhans
9%
70100 Mantoche
9%
70110 Marast
9%
70150 Marnay
9%
70180 Membrey
9%
70130 Mercey-sur-Saône
9%
70230 Montbozon
9%
70000 Montcey
9%
70180 Montot
9%
70120 Mont-Saint-Léger
9%
70140 Motey-Besuche
9%
70000 Navenne
9%
70130 Noidans-le-Ferroux
9%
70100 Noiron
9%
70000 Noroy-le-Bourg
9%
70700 Oiselay-et-Grachaux
9%
70600 Oyrières
9%
70190 Perrouse
9%
70600 Pierrecourt
9%
70150 Pin
9%
70360 Pontcey
9%
70110 Pont-sur-l'Ognon
9%
70000 Pusy-et-Épenoux
9%
70200 Quers
9%
70000 Quincey
9%
70130 Ray-sur-Saône
9%
70000 Raze
9%
70100 Rigny
9%
70180 Roche-et-Raucourt
9%
70000 Rosey
9%
70360 Rupt-sur-Saône
9%
70270 Saint-Barthélemy
9%
70100 Saint-Broing
9%
70310 Sainte-Marie-en-Chanois
9%
70110 Saint-Ferjeux
9%
70130 Saint-Gand
9%
70200 Saint-Germain
9%
70100 Saint-Loup-Nantouard
9%
70140 Sauvigney-lès-Pesmes
9%
70130 Savoyeux
9%
70130 Seveux-Motey
9%
70130 Soing-Cubry-Charentenay
9%
70150 Sornay
9%
70120 Theuley
9%
70360 Traves
9%
70150 Tromarey
9%
70140 Vadans
9%
70180 Vaite
9%
70140 Valay
9%
70130 Vanne
9%
70700 Vantoux-et-Longevelle
9%
70600 Vars
9%
70120 Vauconcourt-Nervezain
9%
70100 Velesmes-Échevanne
9%
70100 Velet
9%
70700 Velleclaire
9%
70000 Velleguindry-et-Levrecey
9%
70700 Vellemoz
9%
70130 Vellexon-Queutrey-et-Vaudey
9%
70700 Velloreille-lès-Choye
9%
70100 Venère
9%
70400 Verlans
9%
70700 Villefrancon
9%
70180 Volon
9%
70150 Vregille
9%
70130 Vy-le-Ferroux
9%
70200 Vy-lès-Lure
9%
70120 Vy-lès-Rupt
9%
70300 Abelcourt
0%
70500 Aboncourt-Gesincourt
0%
70180 Achey
0%
70200 Adelans-et-le-Val-de-Bithaine
0%
70110 Aillevans
0%
70320 Aillevillers-et-Lyaumont
0%
70800 Ainvelle
0%
70500 Aisey-et-Richecourt
0%
70210 Alaincourt
0%
70160 Amance
0%
70210 Ambiévillers
0%
70200 Amblans-et-Velotte
0%
70170 Amoncourt
0%
70310 Amont-et-Effreney
0%
70210 Anchenoncourt-et-Chazel
0%
70000 Andelarre
0%
70200 Andornay
0%
70800 Anjeux
0%
70100 Apremont
0%
70120 Arbecey
0%
70600 Argillières
0%
70360 Aroz
0%
70200 Arpenans
0%
70110 Athesans-Étroitefontaine
0%
70100 Attricourt
0%
70500 Augicourt
0%
70190 Aulx-lès-Cromary
0%
70190 Authoison
0%
70110 Autrey-lès-Cerre
0%
70110 Autrey-le-Vay
0%
70000 Auxon
0%
70500 Barges
0%
70800 Bassigney
0%
70300 Baudoncourt
0%
70160 Baulay
0%
70190 Beaumotte-Aubertans
0%
70290 Belfahy
0%
70270 Belmont
0%
70270 Belonchamp
0%
70400 Belverne
0%
70500 Betaucourt
0%
70300 Betoncourt-lès-Brotte
0%
70210 Betoncourt-Saint-Pancras
0%
70500 Betoncourt-sur-Mance
0%
70310 Beulotte-Saint-Laurent
0%
70500 Blondefontaine
0%
70700 Bonnevent-Velloreille
0%
70110 Borey
0%
70500 Bougey
0%
70170 Bougnon
0%
70100 Bouhans-et-Feurg
0%
70200 Bouhans-lès-Lure
0%
70230 Bouhans-lès-Montbozon
0%
70800 Bouligney
0%
70500 Bourbévelle
0%
70800 Bourguignon-lès-Conflans
0%
70190 Bourguignon-lès-la-Charité
0%
70120 Bourguignon-lès-Morey
0%
70500 Bousseraucourt
0%
70160 Breurey-lès-Faverney
0%
70300 Brotte-lès-Luxeuil
0%
70180 Brotte-lès-Ray
0%
70100 Broye-les-Loups-et-Verfontaine
0%
70360 Bucey-lès-Traves
0%
70500 Buffignécourt
0%
70190 Bussières
0%
70240 Calmoutier
0%
70500 Cemboing
0%
70230 Cenans
0%
70500 Cendrecourt
0%
70000 Cerre-lès-Noroy
0%
70400 Chagey
0%
70400 Châlonvillars
0%
70190 Chambornay-lès-Bellevaux
0%
70400 Champey
0%
70100 Champtonnay
0%
70100 Champvans
0%
70170 Chargey-lès-Port
0%
70120 Charmes-Saint-Valbert
0%
70240 Châteney
0%
70240 Châtenois
0%
70500 Chauvirey-le-Châtel
0%
70500 Chauvirey-le-Vieil
0%
70190 Chaux-la-Lotière
0%
70170 Chaux-lès-Port
0%
70400 Chavanne
0%
70360 Chemilly
0%
70400 Chenebier
0%
70120 Cintrey
0%
70190 Cirey
0%
70000 Clans
0%
70230 Cognières
0%
70400 Coisevaux
0%
70000 Colombier
0%
70240 Colombotte
0%
70000 Comberjon
0%
70170 Conflandey
0%
70800 Conflans-sur-Lanterne
0%
70160 Contréglise
0%
70190 Cordonnet
0%
70120 Cornot
0%
70310 Corravillers
0%
70500 Corre
0%
70000 Coulevon
0%
70400 Courmont
0%
70400 Couthenans
0%
70400 Crevans-et-la-Chapelle-lès-Granges
0%
70240 Creveney
0%
70190 Cromary
0%
70160 Cubry-lès-Faverney
0%
70800 Cuve
0%
70200 Dambenoît-lès-Colombe
0%
70800 Dampierre-lès-Conflans
0%
70230 Dampierre-sur-Linotte
0%
70000 Dampvalley-lès-Colombe
0%
70210 Dampvalley-Saint-Pancras
0%
70210 Demangevelle
0%
70400 Échavanne
0%
70400 Échenans-sous-Mont-Vaudois
0%
70000 Échenoz-le-Sec
0%
70270 Écromagny
0%
70300 Éhuns
0%
70160 Équevilley
0%
70400 Errevet
0%
70310 Esmoulières
0%
70100 Esmoulins
0%
70100 Essertenne-et-Cecey
0%
70400 Étobon
0%
70110 Fallon
0%
70200 Faymont
0%
70130 Ferrières-lès-Ray
0%
70360 Ferrières-lès-Scey
0%
70230 Filain
0%
70000 Flagy
0%
70160 Fleurey-lès-Faverney
0%
70120 Fleurey-lès-Lavoncourt
0%
70800 Fleurey-lès-Saint-Loup
0%
70190 Fondremand
0%
70210 Fontenois-la-Ville
0%
70230 Fontenois-lès-Montbozon
0%
70160 Fouchécourt
0%
70400 Frahier-et-Chatebier
0%
70800 Francalmont
0%
70200 Franchevelle
0%
70200 Frédéric-Fontaine
0%
70130 Fresne-Saint-Mamès
0%
70270 Fresse
0%
70130 Fretigney-et-Velloreille
0%
70200 Froideterre
0%
70240 Genevreuille
0%
70240 Genevrey
0%
70110 Georfans
0%
70100 Germigney
0%
70500 Gevigney-et-Mercey
0%
70700 Gézier-et-Fontenelay
0%
70210 Girefontaine
0%
70120 Gourgeon
0%
70110 Grammont
0%
70190 Grandvelle-et-le-Perrenot
0%
70400 Granges-la-Ville
0%
70400 Granges-le-Bourg
0%
70170 Grattery
0%
70440 Haut-du-Them-Château-Lambert
0%
70800 Hautevelle
0%
70210 Hurecourt
0%
70190 Hyet
0%
70500 Jonvelle
0%
70190 La Barre
0%
70210 La Basse-Vaivre
0%
70280 La Bruyère
0%
70300 La Corbière
0%
70240 La Creuse
0%
70000 La Demie
0%
70270 La Lanterne-et-les-Armonts
0%
70310 La Longine
0%
70190 La Malachère
0%
70500 Lambrey
0%
70200 La Neuvelle-lès-Lure
0%
70800 La Pisseure
0%
70310 La Proiselière-et-Langle
0%
70120 La Quarte
0%
70230 Larians-et-Munans
0%
70120 La Rochelle
0%
70120 La Roche-Morey
0%
70130 La Romaine
0%
70310 La Rosière
0%
70200 La Vergenne
0%
70130 La Vernotte
0%
70120 Lavigney
0%
70160 La Villedieu-en-Fontenette
0%
70240 La Villeneuve-Bellenoye-et-la-Maize
0%
70310 La Voivre
0%
70000 Le Magnoray
0%
70130 Les Bâties
0%
70100 Le Tremblois
0%
70200 Le Val-de-Gouhenans
0%
70160 Le Val-Saint-Éloi
0%
70190 Lieffrans
0%
70240 Liévans
0%
70100 Lœuilley
0%
70200 Lomont
0%
70230 Loulans-Verchamp
0%
70300 Magnivray
0%
70800 Magnoncourt
0%
70200 Magny-Danigon
0%
70200 Magny-Jobert
0%
70500 Magny-lès-Jussey
0%
70240 Mailleroncourt-Charette
0%
70210 Mailleroncourt-Saint-Pancras
0%
70190 Maizières
0%
70120 Malvillers
0%
70400 Mandrevillars
0%
70230 Maussans
0%
70110 Mélecey
0%
70120 Melin
0%
70210 Melincourt
0%
70160 Menoux
0%
70160 Mersuay
0%
70300 Meurcourt
0%
70400 Mignavillers
0%
70200 Moffans-et-Vacheresse
0%
70110 Moimay
0%
70120 Molay
0%
70240 Mollans
0%
70140 Montagney
0%
70190 Montarlot-lès-Rioz
0%
70700 Montboillon
0%
70500 Montcourt
0%
70210 Montdoré
0%
70270 Montessaux
0%
70500 Montigny-lès-Cherlieu
0%
70110 Montjustin-et-Velotte
0%
70000 Mont-le-Vernois
0%
70100 Montureux-et-Prantigny
0%
70500 Montureux-lès-Baulay
0%
70100 Nantilly
0%
70160 Neurey-en-Vaux
0%
70000 Neurey-lès-la-Demie
0%
70190 Neuvelle-lès-Cromary
0%
70130 Neuvelle-lès-la-Charité
0%
70120 Oigney
0%
70100 Onay
0%
70110 Oppenans
0%
70110 Oricourt
0%
70230 Ormenans
0%
70300 Ormoiche
0%
70500 Ormoy
0%
70500 Ouge
0%
70360 Ovanches
0%
70200 Palante
0%
70210 Passavant-la-Rochère
0%
70190 Pennesières
0%
70600 Percey-le-Grand
0%
70800 Plainemont
0%
70290 Plancher-Bas
0%
70290 Plancher-les-Mines
0%
70210 Polaincourt-et-Clairefontaine
0%
70240 Pomoy
0%
70210 Pont-du-Bois
0%
70100 Poyans
0%
70120 Preigney
0%
70170 Provenchère
0%
70160 Purgerot
0%
70190 Quenoche
0%
70500 Raincourt
0%
70500 Ranzevelle
0%
70130 Recologne
0%
70190 Recologne-lès-Rioz
0%
70120 Renaucourt
0%
70200 Rignovelle
0%
70230 Roche-sur-Linotte-et-Sorans-les-Cordiers
0%
70500 Rosières-sur-Mance
0%
70190 Ruhans
0%
70300 Sainte-Marie-en-Chaux
0%
70700 Sainte-Reine
0%
70500 Saint-Marcel
0%
70160 Saint-Rémy-en-Comté
0%
70110 Saint-Sulpice
0%
70210 Saponcourt
0%
70400 Saulnot
0%
70100 Sauvigney-lès-Gray
0%
70360 Scey-sur-Saône-et-Saint-Albin
0%
70170 Scye
0%
70400 Secenans
0%
70210 Selles
0%
70120 Semmadon
0%
70110 Senargent-Mignafans
0%
70160 Senoncourt
0%
70440 Servance-Miellin
0%
70240 Servigney
0%
70190 Sorans-lès-Breurey
0%
70500 Tartécourt
0%
70270 Ternuay-Melay-et-Saint-Hilaire
0%
70230 Thieffrans
0%
70230 Thiénans
0%
70120 Tincey-et-Pontrebeau
0%
70190 Traitiéfontaine
0%
70400 Trémoins
0%
70190 Trésilley
0%
70000 Vaivre-et-Montoille
0%
70000 Vallerois-le-Bois
0%
70000 Vallerois-Lorioz
0%
70190 Vandelans
0%
70240 Varogne
0%
70170 Vauchoux
0%
70210 Vauvillers
0%
70700 Vaux-le-Moncelot
0%
70110 Vellechevreux-et-Courbenans
0%
70000 Vellefaux
0%
70700 Vellefrey-et-Vellefrange
0%
70240 Vellefrie
0%
70000 Velle-le-Châtel
0%
70240 Velleminfroy
0%
70300 Velorcey
0%
70500 Venisey
0%
70180 Vereux
0%
70500 Vernois-sur-Mance
0%
70110 Villafans
0%
70110 Villargent
0%
70500 Villars-le-Pautel
0%
70000 Villeparois
0%
70190 Villers-Bouton
0%
70700 Villers-Chemin-et-Mont-lès-Étrelles
0%
70110 Villers-la-Ville
0%
70000 Villers-le-Sec
0%
70300 Villers-lès-Luxeuil
0%
70190 Villers-Pater
0%
70170 Villers-sur-Port
0%
70400 Villers-sur-Saulnot
0%
70120 Villers-Vaudey
0%
70240 Vilory
0%
70300 Visoncourt
0%
70500 Vitrey-sur-Mance
0%
70190 Voray-sur-l'Ognon
0%
70500 Vougécourt
0%
70400 Vyans-le-Val
0%
70230 Vy-lès-Filain
0%
Aucun quiz correspondant
Distribution des résultats
% des personnes avec chaque résultat
Percentile par nombre de réponses
Votre historique - résultats
Vous n’avez pas pris ce quiz